Неизотермическая газоразрядная плазма и ее применение в технологических процессах: учебное пособие для вузов

Бібліографічні деталі
Автор: Крапивина С. А. Светлана Алексеевна
Співавтор: Ленинградский технологический институт им. Ленсовета (ЛТИ)
Мова:Російська
Опубліковано: Ленинград, Изд-во ЛТИ, 1989
Предмети:
Формат: MixedMaterials Книга
KOHA link:https://koha.lib.tpu.ru/cgi-bin/koha/opac-detail.pl?biblionumber=251782

MARC

LEADER 00000nam0a2200000 4500
001 251782
005 20231101232704.0
035 |a (RuTPU)RU\TPU\book\274093 
090 |a 251782 
100 |a 20140225d1989 m y0rusy50 ca 
101 0 |a rus 
102 |a RU 
105 |a a j 001zy 
200 1 |a Неизотермическая газоразрядная плазма и ее применение в технологических процессах  |e учебное пособие для вузов  |f С. А. Крапивина  |g Ленинградский технологический институт им. Ленсовета (ЛТИ) 
210 |a Ленинград  |c Изд-во ЛТИ  |d 1989 
215 |a 79 с.  |c ил. 
320 |a Библиогр.: с. 78-79. 
606 1 |a Плазменная обработка металлов  |2 stltpush  |3 (RuTPU)RU\TPU\subj\48951  |9 67766 
610 1 |a технологические процессы 
610 1 |a металлообработка 
610 1 |a неизотермические процессы 
610 1 |a газоразрядная плазма 
610 1 |a тлеющий разряд 
610 1 |a применение 
610 1 |a учебные пособия 
675 |a 621.7.048.7(075.8)  |v 3 
700 1 |a Крапивина  |b С. А.  |g Светлана Алексеевна 
712 0 2 |a Ленинградский технологический институт им. Ленсовета (ЛТИ)  |2 stltpush  |3 (RuTPU)RU\TPU\col\1462 
801 1 |a RU  |b 63413507  |c 20140225 
801 2 |a RU  |b 63413507  |c 20140228  |g RCR 
942 |c BK